[Event "Bolzano op"]
[Site "Bolzano"]
[Date "1991.??.??"]
[Round "?"]
[White "Ortega, Lexy"]
[Black "Sansonetti, Giorgio"]
[Result "1-0"]
[WhiteElo "2415"]
[BlackElo "2260"]
[PlyCount "75"]
[EventDate "1991.??.??"]
[EventType "swiss"]
[EventRounds "9"]
[EventCountry "ITA"]
[SourceTitle "EXT 2024"]
[Source "ChessBase"]
[SourceDate "2023.10.10"]
[SourceVersion "1"]
[SourceVersionDate "2023.10.10"]
[SourceQuality "1"]

1. d4 Nf6 2. Nf3 c5 3. d5 e6 4. c4 exd5 5. cxd5 d6 6. Nc3 g6 7. h3 Bg7 8. e4 Qe7 9. Bd3 a6 10. a4 Nbd7 11. 0-0 Ne5 12. Nxe5 Qxe5 13. f4 Qd4+ 14. Kh2 c4 15. Be2 Qc5 16. e5 dxe5 17. fxe5 Ng8 18. Bf4 Bf5 19. g4 Bd3 20. Bxd3 cxd3 21. Qxd3 Rd8 22. Rad1 Qb4 23. Ne4 h5 24. g5 Ne7 25. Nd6+ Rxd6 26. exd6 Nf5 27. Rfe1+ Kd8 28. Re4 Qxb2+ 29. Rd2 Qb6 30. d7 Kxd7 31. d6 Kd8 32. Qc4 Rf8 33. Re7 Nxe7 34. dxe7+ Kxe7 35. Qe4+ Qe6 36. Qxb7+ Ke8 37. Qb8+ Ke7 38. Qc7+ 1-0